00397nam a2200145Ia 4500003000900000008004100009040001300050040001300063100002200076245010000098260002100198300000800219490000600227600001800233IT-RoPAU120407s9999 xx 000 0 und d aIT-RoPAU cIT-RoPAU aGiovanni Paolo II aNo tengiais miedo. Discursos y homilias de Juan Pablo II en su segunda visita pastoral a Mexico aEdizioni Paoline c cm v1 aed. Messicana